=LDR 00000nam 2200000 4500 =001 INLIS000000000059039 =005 20211021090531 =035 ##$$a 0010-1021000487 =007 ta =008 211021###########################0###### =082 ##$$a 324. 959 865 =084 ##$$a 324. 959 865 Nus p =245 ##$$a Pola dan penyebab suara tidak sah, pilpres 2014 di provinsi Nusa Tenggara Barat =300 ##$$a 143 halaman : $b Ilustrasi ; $c 21 em =700 #$$a Editor, Yan Marti =600 #4$$a Pemilihan Umum NTB =264 ##$$a Mataram :$b Komisi Pemilihan Umum, Nusa Tenggara Barat,$c 2014 =336 ##$$a Teks$2 rdacontent =337 ##$$a Buku$2 rdamedia =338 ##$$a Lain - lain$2 rdacarrier =990 ##$$a 22712271 =990 ##$$a 22712271 =990 ##$$a 22712271 =990 ##$$a 173/50/2021 =990 ##$$a 3202102271 =990 ##$$a 3202102272 =990 ##$$a 173/50/2021 =990 ##$$a 3202102271 =990 ##$$a 173/50/2021 =990 ##$$a 173/50/2021 =990 ##$$a 173/50/2021 =990 ##$$a 173/50/2021